Fundamentals of critical argumentation / (Record no. 16265)
[ view plain ]
| 000 -LEADER | |
|---|---|
| fixed length control field | 03354cam a22003494a 4500 |
| 001 - CONTROL NUMBER | |
| control field | 13832555 |
| 005 - DATE AND TIME OF LATEST TRANSACTION | |
| control field | 20170105102936.0 |
| 008 - FIXED-LENGTH DATA ELEMENTS--GENERAL INFORMATION | |
| fixed length control field | 050106s2006 enka b 001 0 eng |
| 010 ## - LIBRARY OF CONGRESS CONTROL NUMBER | |
| LC control number | 2005000190 |
| 016 7# - NATIONAL BIBLIOGRAPHIC AGENCY CONTROL NUMBER | |
| Record control number | 013240076 |
| Source | Uk |
| 020 ## - INTERNATIONAL STANDARD BOOK NUMBER | |
| International Standard Book Number | 0521823196 |
| 020 ## - INTERNATIONAL STANDARD BOOK NUMBER | |
| International Standard Book Number | 0521530202 (pbk.) |
| 035 ## - SYSTEM CONTROL NUMBER | |
| System control number | (OCoLC)ocm57434163 |
| 040 ## - CATALOGING SOURCE | |
| Original cataloging agency | DLC |
| Transcribing agency | DLC |
| Modifying agency | UKM |
| -- | BAKER |
| -- | BWKUK |
| -- | DLC |
| 042 ## - AUTHENTICATION CODE | |
| Authentication code | pcc |
| 050 00 - LIBRARY OF CONGRESS CALL NUMBER | |
| Classification number | BC177 |
| Item number | .W3235 2006 |
| 082 00 - DEWEY DECIMAL CLASSIFICATION NUMBER | |
| Classification number | 160 |
| Edition number | 22 |
| Author Mark | WAL 2006 |
| 100 1# - MAIN ENTRY--PERSONAL NAME | |
| Personal name | Walton, Douglas N. |
| 245 10 - TITLE STATEMENT | |
| Title | Fundamentals of critical argumentation / |
| Statement of responsibility, etc. | Douglas Walton. |
| 260 ## - PUBLICATION, DISTRIBUTION, ETC. | |
| Place of publication, distribution, etc. | Cambridge [UK] ; |
| -- | New York : |
| Name of publisher, distributor, etc. | Cambridge University Press, |
| Date of publication, distribution, etc. | 2006. |
| 300 ## - PHYSICAL DESCRIPTION | |
| Extent | xvi, 343 p. : |
| Other physical details | ill. ; |
| Dimensions | 24 cm. |
| 440 #0 - SERIES STATEMENT/ADDED ENTRY--TITLE | |
| Title | Critical reasoning and argumentation |
| 504 ## - BIBLIOGRAPHY, ETC. NOTE | |
| Bibliography, etc. note | Includes bibliographical references and index. |
| 505 0# - FORMATTED CONTENTS NOTE | |
| Formatted contents note | Arguments and dialogues -- Dialogues -- Arguments -- Questions and statements -- Arguments in dialogues-- Generalizations -- Chaining of arguments -- Criticizing by questioning or rebuttal -- Criticizing and argument by asking a question -- Disputes and dissents -- Concepts useful for understanding arguments -- Inconsistency -- Three kinds of arguments -- Syllogisms -- Complex propositions -- Some other common forms of deductive argument -- Probability and inductive argument -- Plausible argumentation -- Arguments and explanations -- Argumentation schemes -- Appeal to expert opinion -- Argument from popular opinion -- Argument from analogy -- Argument from correlation to cause -- Argument from consequences and slippery slope -- Argument from sign -- Argument from commitment -- Ad hominem arguments -- Argument from verbal classification -- Argument reconstruction -- Single and linked arguments -- Convergent arguments -- Serial and divergent arguments -- Distinguishing between linked and convergent arguments -- Extended arguments -- Enthymemes -- Cleaning up a text of discourse -- Dialogues -- Persuasion dialogue -- Commitment in dialogue -- Other types of dialogue -- Simple and complex questions -- Loaded questions -- Responding to tricky questions -- Relevance of questions and replies -- Detecting bias -- Loaded terms -- Point of view and burden of proof -- Biased argumentation -- Verbal disputes -- Lexical, stipulative and persuasive definitions -- Philosophical and scientific definitions -- Normal and troublesome bias -- Relevance -- Probative relevance -- Dialectical relevance -- Relevance in meetings and debates -- Relevance in legal argumentation -- Fear appeal arguments -- Threats as arguments -- Appeal to pity -- Shifts and relevance -- Practical reasoning in a dialogical framework -- Practical inferences -- Necessary and sufficient conditions -- Disjunctive reasoning -- Taking consequences into account -- The dilemma -- The closed world assumption -- Lack of knowledge inferences -- Real world situations. |
| 650 #0 - SUBJECT ADDED ENTRY--TOPICAL TERM | |
| Topical term or geographic name entry element | Reasoning. |
| 856 41 - ELECTRONIC LOCATION AND ACCESS | |
| Materials specified | Table of contents only |
| Uniform Resource Identifier | <a href="http://www.loc.gov/catdir/toc/ecip056/2005000190.html">http://www.loc.gov/catdir/toc/ecip056/2005000190.html</a> |
| 856 42 - ELECTRONIC LOCATION AND ACCESS | |
| Materials specified | Publisher description |
| Uniform Resource Identifier | <a href="http://www.loc.gov/catdir/enhancements/fy0632/2005000190-d.html">http://www.loc.gov/catdir/enhancements/fy0632/2005000190-d.html</a> |
| 906 ## - LOCAL DATA ELEMENT F, LDF (RLIN) | |
| a | 7 |
| b | cbc |
| c | orignew |
| d | 1 |
| e | ecip |
| f | 20 |
| g | y-gencatlg |
| 942 ## - ADDED ENTRY ELEMENTS (KOHA) | |
| Source of classification or shelving scheme | |
| Koha item type | Book |
| Withdrawn status | Lost status | Damaged status | Not for loan | Collection code | Permanent Location | Current Location | Shelving location | Date acquired | Total Checkouts | Full call number | Barcode | Date last seen | Price effective from | Koha item type |
|---|---|---|---|---|---|---|---|---|---|---|---|---|---|---|
| Centre for International Peace & Stability (CIPS) | Centre for International Peace & Stability (CIPS) | General Stacks | 03/14/2016 | 160 WAL 2006 | CIPS0002760 | 03/14/2016 | 03/14/2016 | Book |
